LEADER 01701nam a2200313 u 4500 001 000000002062 003 CaOOAMICUS 005 20070226104400.0 008 941010s1990 it u000 u ita u 020 $a88-343-0260-5 035 $a10051984 040 $aMSA$bita 100 1 $aMerlan, Philip,$d1897-1968.$0(OLS)http://pul/name/2244 245 10$aDal Platonismo al Neoplatonismo /$cPhilip Merlan ; traduzione di Enrico Parodi ; introduzione di Giovanni Reale. 260 $aMilano :$bVita e pensiero,$c1990. 300 $a346 p. :$btav. ;$c22 cm 490 1 $aPubblicazioni del Centro di ricerche di metafisica.$aSezione di metafisica del platonismo nel suo sviluppo storico e nella filosofia patristica. ;$v8 650 4$aPlatonici.$0(OLS)http://pul/subject/1934 650 4$aNeoplatonismo.$0(OLS)http://pul/subject/1935 700 1 $aReale, Giovanni,$d1931-2014.$0(OLS)http://pul/name/667 700 1 $aParodi, Enrico.$0(OLS)http://pul/name/2245 710 2 $aUniversità cattolica del Sacro Cuore. Sede di Milano.$bCentro di ricerche di metafisica.$0(OLS)http://pul/name/668 830 0$aPubblicazioni del Centro di ricerche di metafisica.$pSezione di metafisica del platonismo nel suo sviluppo storico e nella filosofia patristica. ;$v8.$0(OLS)http://pul/title/1624 850 $aPUL 852 $aPUL$W1$xSL Filosofia 2$y80$mPhil A10a 8$j2743$nBK-PRI$b $qStampati altre collocazioni$B2743$CPULBib$Z2$F2743 $H $81 941 1 $a10 996 $6020$a88-343-0260-5$9(OLS)http://pul/number/2749 996 $6245$aDal Platonismo al Neoplatonismo$9(OLS)http://pul/title/3075 996 $6260$aMilano :$bVita e pensiero$9(OLS)http://pul/publisher/48016 LEADER 02038nam a2200397 u 4500 001 000000127130 003 CaOOAMICUS 005 20150717132643.0 008 111121s1994 it u000 u ita r 040 $aPUL$bita 245 00$aApocrifi del Nuovo Testamento /$ca cura di Luigi Moraldi. 260 $aCasale Monferrato :$bPiemme,$c1994. 300 $a3 v.$c24 cm 504 $aContiene bibliografia in nota e "scelta". 505 0 $aV. 1. Vangeli. -- v.2. Atti degli Apostoli. -- v.3. Lettere ; Dormizione di Maria ; Apocalissi. 700 1 $aMoraldi, Luigi,$cI.M.C.$0(OLS)http://pul/name/13567 740 0 $aLettere. 740 0 $aAtti degli Apostoli. 740 0 $aVangeli. 740 0 $aDormizione di Maria. 740 0 $aApocalissi. 850 $aPUL 852 $aPUL$W1$xSL Cons. Gen., Altre Classi 1$y1$m2004 D 8$j94539$av.1$qStampati$B145708$CPULBib$Z2$F145708 $H71251 $82 852 $aPUL$W1$xSL Cons. Gen., Altre Classi 1$y1$m2004 D 10$j147014$av.3$qStampati$B145710$CPULBib$Z2$F145710 $H71253 $82 852 $aPUL$W1$xSL Cons. Gen., Altre Classi 1$y1$m2004 D 9$j147013$av.2$qStampati$B145709$CPULBib$Z2$F145709 $H71252 $82 852 $aPUL$W1$xDP1 Fondo S. Lanza$y121$m3 K 43.1$j167565$av.1$qFondi$B168139$CPULBib$Z2$F168139 $HLAN524 $82 852 $aPUL$W1$xDP1 Fondo S. Lanza$y121$m5 K 43.2$j167566$av.2$qFondi$B168140$CPULBib$Z2$F168140 $HLAN525 $82 941 1 $a1 941 1 $a8 996 $6245$aApocrifi del Nuovo Testamento$9(OLS)http://pul/title/77695 996 $6740$aLettere$9(OLS)http://pul/title/23909 996 $6740$aAtti degli Apostoli$9(OLS)http://pul/title/160615 996 $6740$aVangeli$9(OLS)http://pul/title/160614 996 $6740$aDormizione di Maria$9(OLS)http://pul/title/89860 996 $6740$aApocalissi$9(OLS)http://pul/title/89861 996 $6260$aCasale Monferrato :$bPiemme$9(OLS)http://pul/publisher/51813